Online
Catalog

Juegos de transparencias / (Record no. 50084)

MARC details
000 -CABECERA
campo de control de longitud fija 01258nam a2200313 a 4500
003 - IDENTIFICADOR DEL NÚMERO DE CONTROL
campo de control DO-SdBNP
005 - FECHA Y HORA DE LA ÚLTIMA TRANSACCIÓN
campo de control 20220321133309.0
007 - CAMPO FIJO DE DESCRIPCIÓN FÍSICA--INFORMACIÓN GENERAL
campo de control de longitud fija ta
008 - DATOS DE LONGITUD FIJA--INFORMACIÓN GENERAL
campo de control de longitud fija 210709e2018 dr a|||grc||| 00| 0 spa d
040 ## - FUENTE DE LA CATALOGACIÓN
Centro catalogador/agencia de origen Do-SdBNP
Lengua de catalogación spa
Centro/agencia transcriptor BNPHU
041 ## - CÓDIGO DE LENGUA
Código de lengua del texto cantado o hablado spa
-- eng
Código de lengua original spa
082 #4 - NÚMERO DE LA CLASIFICACIÓN DECIMAL DEWEY
Número de edición 22
Número de documento/Ítem T266j
100 1# - ENTRADA PRINCIPAL--NOMBRE DE PERSONA
9 (RLIN) 44123
Nombre de persona Tejada, Julio
Fechas asociadas al nombre 1971 -
245 10 - MENCIÓN DE TÍTULO
Título Juegos de transparencias /
Mención de responsabilidad, etc. Julio Tejada ; Textos y coordinación, Marianne de Tolentino, José Rafael Vargas, Julio Tejada; Fotografías, Julio Fernández, ; Traductora, Clara Engelmann .
260 ## - PUBLICACIÓN, DISTRIBUCIÓN, ETC.
Lugar de publicación, distribución, etc. Santo Domingo :
Nombre del editor, distribuidor, etc. Galería Nacional de Bellas Artes,
Fecha de publicación, distribución, etc. 2018
300 ## - DESCRIPCIÓN FÍSICA
Extensión [37] p. :
Otras características físicas il.;
Dimensiones 23 cm.
500 ## - NOTA GENERAL
Nota general Incluye datos biográficos del autor en inglés, p. [39], en español, p.[40]
546 ## - NOTA DE LENGUA/LENGUAJE
Nota de lengua/lenguaje Libro con traducción al inglés.
590 ## - NOTA LOCAL (RLIN)
Nota local Inventariado 2021/MF
600 #4 - PUNTO DE ACCESO ADICIONAL DE MATERIA--NOMBRE DE PERSONA
9 (RLIN) 81351
Nombre de persona Tejada, Julio
Fechas asociadas al nombre 1971
650 #4 - PUNTO DE ACCESO ADICIONAL DE MATERIA--TÉRMINO DE MATERIA
9 (RLIN) 369
Término de materia o nombre geográfico como elemento de entrada Arte dominicano
Subdivisión de forma Catálogos
650 #4 - PUNTO DE ACCESO ADICIONAL DE MATERIA--TÉRMINO DE MATERIA
9 (RLIN) 368
Término de materia o nombre geográfico como elemento de entrada Pintura dominicana
Subdivisión de forma Catálogos
700 1# - PUNTO DE ACCESO ADICIONAL--NOMBRE DE PERSONA
9 (RLIN) 73333
Nombre de persona Tolentino, Marianne de,
Fechas asociadas al nombre 1951-
Término indicativo de función/relación textos y coord.
700 1# - PUNTO DE ACCESO ADICIONAL--NOMBRE DE PERSONA
Nombre de persona Vargas, José Rafael,
Término indicativo de función/relación texto
9 (RLIN) 23148
Fechas asociadas al nombre 1956-
700 1# - PUNTO DE ACCESO ADICIONAL--NOMBRE DE PERSONA
Nombre de persona Tejada, Julio
Término indicativo de función/relación texto
9 (RLIN) 81351
700 1# - PUNTO DE ACCESO ADICIONAL--NOMBRE DE PERSONA
Nombre de persona Fernández , Julio ,
Término indicativo de función/relación fotogr.
9 (RLIN) 79174
700 1# - PUNTO DE ACCESO ADICIONAL--NOMBRE DE PERSONA
Nombre de persona Engelmann , Clara
Término indicativo de función/relación trad.
9 (RLIN) 79175
942 ## - ELEMENTOS DE PUNTO DE ACCESO ADICIONAL (KOHA)
Fuente del sistema de clasificación o colocación Dewey Decimal Classification
Tipo de ítem Koha Libro
Holdings
Estado de retiro Estado de pérdida Fuente del sistema de clasificación o colocación Restricciones de uso No para préstamo Código de colección Localización permanente Ubicación/localización actual Ubicación en estantería Fecha de adquisición Fuente de adquisición Total de préstamos Signatura topográfica completa Código de barras Fecha visto por última vez Precio válido a partir de Tipo de ítem Koha Número de copia
    Dewey Decimal Classification Préstamo en sala   Dominicana de Servicio Biblioteca Nacional Pedro Henríquez Ureña General Depósito 10.06.2018 Donado por Palacio de Bellas Artes   T266j 2021-25055 09.07.2021 09.07.2021 Libro y Folleto Colección Dominicana de Servicio e.3
    Dewey Decimal Classification Excluido de préstamo Excluido de préstamo Patrimonio Dominicano Biblioteca Nacional Pedro Henríquez Ureña Patrimonio Dominicano Depósito 10.06.2018 Donado por Palacio de Bellas Artes   T266j 2021-25053 09.07.2021 09.07.2021 Libro y Folleto Colección Patrimonio Dominicano  
    Dewey Decimal Classification Excluido de préstamo Préstamo restrigido Patrimonio Dominicano Biblioteca Nacional Pedro Henríquez Ureña Patrimonio Dominicano Depósito 10.06.2018 Donado por Palacio de Bellas Artes   T266j 2021-25054 09.07.2021 09.07.2021 Libro y Folleto Colección Patrimonio Dominicano e.2

Powered by Koha